Robotics: (Record no. 16225)

MARC details
000 -LEADER
fixed length control field 01203 a2200301 4500
005 - DATE AND TIME OF LATEST TRANSACTION
control field 20081006103055.0
008 - FIXED-LENGTH DATA ELEMENTS--GENERAL INFORMATION
fixed length control field 081006t xxu||||| |||| 00| 0 eng d
010 ## - LCCN (DPL NO)
LC control number ENG-91135
020 ## - INTERNATIONAL STANDARD BOOK NUMBER
International Standard Book Number 9780070265103
Terms of availability 325.00
020 ## - INTERNATIONAL STANDARD BOOK NUMBER
International Standard Book Number 0070265100
035 ## - SYSTEM CONTROL NUMBER
System control number EN-74668
037 ## - SOURCE OF ACQUISITION
Source of stock number/acquisition DBAD / PUB
040 ## - CATALOGING SOURCE
Original cataloging agency dpl
Language of cataloging English
082 ## - DEWEY DECIMAL CLASSIFICATION NUMBER
Classification number 629.892
100 ## - MAIN ENTRY--PERSONAL NAME
Personal name Fu, K.S.
Fuller form of name Fu, King Sun
110 ## - MAIN ENTRY--CORPORATE NAME
Corporate name or jurisdiction name as entry element Appin Knowledge solutions
245 ## - TITLE STATEMENT
Title Robotics:
Statement of responsibility, etc by K.S. Fu, R.C. Gonzalez [and] C.S.G. Lee
Remainder of title control, sensing, vision and intelligence /
260 ## - PUBLICATION, DISTRIBUTION, ETC. (IMPRINT)
Place of publication, distribution, etc New Delhi
Name of publisher, distributor, etc Tata McGraw-Hill Publishing
Date of publication, distribution, etc 2008
270 ## - ADDRESS
Address 7 West Patel Nagar,
City New Delhi
Postal code 110008
300 ## - PHYSICAL DESCRIPTION
Extent xiii, 580p.
Dimensions 24cm (Pbk )
Other physical details ill.
490 ## - SERIES STATEMENT
Series statement McGraw-Hill series in CAD/CAM robotics and computer vision
500 ## - GENERAL NOTE
General note Includes bibliogaraphical references and index
650 ## - SUBJECT ADDED ENTRY--TOPICAL TERM
Topical term or geographic name as entry element Robotics
700 ## - ADDED ENTRY--PERSONAL NAME
Personal name Gonzalez, R.C.
Fuller form of name Gonzalez, Rafael C.
700 ## - ADDED ENTRY--PERSONAL NAME
Personal name Lee, C.S.G.
Fuller form of name Lee, C.S. George
942 ## - ADDED ENTRY ELEMENTS (KOHA)
Institution code [OBSOLETE] dpl
Item type English Books
Source of classification or shelving scheme Dewey Decimal Classification
Classification part 629.892
Call number suffix FUK
Holdings
Withdrawn status Lost status Source of classification or shelving scheme Damaged status Not for loan Collection code Home library Current library Date acquired Source of acquisition Cost, normal purchase price Total Checkouts Full call number Barcode Date last seen Copy number Cost, replacement price Koha item type
    Dewey Decimal Classification   Not For Loan Non-fiction D.B.Act.Division D.B.Act.Division 06/10/2008 DBAD / PUB 325.00   629.892 FUS EN-74668 06/10/2008 1 325.00 English Books

© Delhi Public Library
Hit Counter
free hit counter